| 000 | 00411 a2200121 4500 | ||
|---|---|---|---|
| 999 |
_c28767 _d28767 |
||
| 003 | NUST | ||
| 005 | 20180117112005.0 | ||
| 008 | 180117b xxu||||| |||| 00| 0 eng d | ||
| 040 | _cnust | ||
| 082 | _a523.112 HAZ | ||
| 100 | 1 |
_aHazard, C. , and S. Mitton. _98520 |
|
| 245 | 1 | 0 |
_aActive galactic nuclei based on the proceedings of a nato advanced study institu / _cC. , and S. Mitton Hazard. |
| 260 |
_a[S.l.] : _bCambridge University Press, NY, _c1979. |
||
| 300 | _a1 v. (unpaged) | ||
| 500 | _aHardcover. | ||
| 942 |
_aSNS _cBK _k523.112 HAZ _2ddc |
||